<A> Note on selectors and greedoids

Saved in:
Bibliographic Details
Main Author: Korte, Bernhard
Other Authors: Lovász, László
Format: Book
Language:German
Published: Bonn Institut für Ökonometrie und Operations Research 1985
Tags: Add Tag
No Tags, Be the first to tag this record!

MARC

LEADER 00000nam a2200000 4500
001 c110926
005 20041019155148.3
041 0 |a ger 
044 |a DE 
245 1 0 |a <A> Note on selectors and greedoids  |c Bernhard Korte, Láslo Lovász 
264 1 |a Bonn  |b Institut für Ökonometrie und Operations Research  |c 1985 
300 |a S. 59-67 
100 1 |a Korte, Bernhard 
700 1 |a Lovász, László